Faculty of Law Library — Cairo University

Official Online Catalog

التعليق على المادة 36 مكررا من القرار بقانون رقم 57 لسنة 1959 بشأن حالات وإجراءات الطعن أما محكمة النقض (المضافة بالقانون رقم 23 لسنة 1992) / (Record no. 64463)

MARC details
000 -LEADER
fixed length control field 01363nam a22003017i 4500
003 - CONTROL NUMBER IDENTIFIER
control field EG-GICUC
005 - DATE AND TIME OF LATEST TRANSACTION
control field 20260301082041.0
008 - FIXED-LENGTH DATA ELEMENTS--GENERAL INFORMATION
fixed length control field 260301t1994 ua|||||f |||| 00| 0 eng d
040 ## - CATALOGING SOURCE
Original cataloging agency EG-GICUC
Language of cataloging ara
Transcribing agency EG-GICUC
Modifying agency EG-GICUC
Description conventions rda
043 ## - GEOGRAPHIC AREA CODE
Geographic area code f-ua---
082 04 - DEWEY DECIMAL CLASSIFICATION NUMBER
Edition number 21
Classification number 343.3653
092 04 - LOCALLY ASSIGNED DEWEY CALL NUMBER (OCLC)
Edition number 21
099 ## - LOCAL FREE-TEXT CALL NUMBER (OCLC)
Classification number Law1 10 343.3653 م ح . ت 1994
100 0# - MAIN ENTRY--PERSONAL NAME
Personal name محمد هشام أبو الفتوح
243 ## - COLLECTIVE UNIFORM TITLE
Uniform title <a href="روح القانون">روح القانون</a>
245 12 - TITLE STATEMENT
Title التعليق على المادة 36 مكررا من القرار بقانون رقم 57 لسنة 1959 بشأن حالات وإجراءات الطعن أما محكمة النقض (المضافة بالقانون رقم 23 لسنة 1992) /
Statement of responsibility, etc. محمد هشام أبو الفتوح
264 ## - PRODUCTION, PUBLICATION, DISTRIBUTION, MANUFACTURE, AND COPYRIGHT NOTICE
Place of production, publication, distribution, manufacture طنطا:
Name of producer, publisher, distributor, manufacturer مطبعة جامعة طنطا;
Date of production, publication, distribution, manufacture, or copyright notice 1994.
300 ## - PHYSICAL DESCRIPTION
Extent 97; صفحة
Dimensions 24 سم
336 ## - CONTENT TYPE
Source rda content
Content type term text
337 ## - MEDIA TYPE
Source rda media
Media type term Computer
338 ## - CARRIER TYPE
Source rda carrier
Carrier type term Online Resource
500 ## - GENERAL NOTE
General note روح القانون :مجلة علمية تصدر عن أعضاء هيئة التدريس - كلية الحقوق جامعة طنطا<br/>العدد التاسع:يناير 1993
650 14 - SUBJECT ADDED ENTRY--TOPICAL TERM
Topical term or geographic name entry element الطعن فى أوامر التصرف في التحقيق
Source of heading or term qrmak
651 1# - SUBJECT ADDED ENTRY--GEOGRAPHIC NAME
Source of heading or term qrmak
856 40 - ELECTRONIC LOCATION AND ACCESS
Uniform Resource Identifier <a href="https://fll.law.cu.edu.eg/fulltext/bks/B10-08870.pdf">https://fll.law.cu.edu.eg/fulltext/bks/B10-08870.pdf</a>
905 ## - Cataloger and Reviser Names
Cataloger Name: Radwa
942 ## - ADDED ENTRY ELEMENTS (KOHA)
Source of classification or shelving scheme Dewey Decimal Classification
Koha item type Books
Edition 21
Suppress in OPAC No
Holdings
Withdrawn status Lost status Source of classification or shelving scheme Damaged status Not for loan Collection Home library Current library Date acquired Total checkouts Full call number Barcode Date last seen Price effective from Koha item type
    Dewey Decimal Classification   Not for loan القانون الجنائي جــــامعة القــاهرة مكتبة كلية الحقوق - المبنى الرئيسي 01.03.2026   Law1 10 343.3653 م ح . ت 1994 1008870 C1 B10-08870 01.03.2026 01.03.2026 Books

© All rights reserved — Faculty of Law, Cairo University